000 00522nam a2200217Ia 4500
003 GCL
008 140319s9999 xx 000 0 eng d
040 _aGCL /
_cGCL
082 0 4 _a745
_bA A
100 1 _aANSCOMBE, ISABELLE
245 1 0 _aARTS AND CRAFTS STYLE /
_cANSCOMBE, ISABELLE
260 _a[S.N] :
_bPHAIDON PRESS, LTD. ،
_c1996
300 _a232 P
650 0 4 _aARTS
650 0 4 _aCRAFTS
650 0 4 _aDECORATIVE ARTS
650 0 4 _aFASHION
650 0 4 _aTILES
650 0 4 _aLIGHTING
942 _2ddc
_cBK
999 _c13717
_d13717